000 00624nas a2200217 4500
001 BR9508310
003 BR-BrBNA
005 20231205094526.0
007 ta
008 230509b bl.|||p| |||| 00| 00por d
040 _aBR-BrBNA
_bpor
_cBiblioteca Nacional de Agricultura
041 _a(Pt)
072 _aN20
100 1 _aReche, A.
100 1 _aFerreira Neto, J.C.
245 1 _aSimplicidade de manejo por muitos ainda ignorados [Arado]
650 _aArado
773 0 _tAgricultura de Hoje (Brazil)
_x
_g(Jul 1976), v. 2(16) p. 42-46
_wBR9508310
909 _a202311
_bLúcia
_c55
_dLúcia Elande
942 _2AGRIS
_n0
_cANA
999 _c144962
_d144962